Literary activism / (Record no. 149549)

MARC details
000 -LEADER
fixed length control field 00506nam a22001697a 4500
005 - DATE AND TIME OF LATEST TRANSACTION
control field 20180129124253.0
010 ## - LCCN (DPL NO)
LC control number ENG-122162
020 ## - INTERNATIONAL STANDARD BOOK NUMBER
International Standard Book Number 9780199474981
Terms of availability 695.00
035 ## - SYSTEM CONTROL NUMBER
System control number EN-105694
037 ## - SOURCE OF ACQUISITION
Source of stock number/acquisition DBAD/PUB
082 ## - DEWEY DECIMAL CLASSIFICATION NUMBER
Classification number 880.8
245 ## - TITLE STATEMENT
Title Literary activism /
Statement of responsibility, etc edited by Amit Chaudhuri
260 ## - PUBLICATION, DISTRIBUTION, ETC. (IMPRINT)
Place of publication, distribution, etc New Delhi
Name of publisher, distributor, etc Oxford University Press
Date of publication, distribution, etc 2017
270 ## - ADDRESS
Address 2/11 Ground Floor, Ansari Road, Daryaganj
City New Delhi
Postal code 110002
300 ## - PHYSICAL DESCRIPTION
Extent 369p.
Dimensions 24cm
942 ## - ADDED ENTRY ELEMENTS (KOHA)
Source of classification or shelving scheme Dewey Decimal Classification
Item type English Books
Classification part 880.8
Call number suffix LIT
Holdings
Withdrawn status Lost status Not for loan Collection code Home library Current library Date acquired Source of acquisition Cost, normal purchase price Full call number Barcode Copy number Cost, replacement price Koha item type
    Not For Loan Non-fiction D.B.Act.Division Bawana 29/01/2018 DBAD/PUB 695.00 880.8 LIT EN-105694 1 695.00 English Books

© Delhi Public Library
Hit Counter
free hit counter